Normal view
MARC view
- Zhang, Denbin.
Entry Personal Name
001 - CONTROL NUMBER
- control field: 54253
003 - CONTROL NUMBER IDENTIFIER
- control field: OSt
005 - DATE AND TIME OF LATEST TRANSACTION
- control field: 20240308151623.0
008 - FIXED-LENGTH DATA ELEMENTS
- fixed length control field: 240308|| aca||aabn | a|a d
040 ## - CATALOGING SOURCE
- Original cataloging agency: OSt
- Transcribing agency: OSt
100 ## - HEADING--PERSONAL NAME
- Personal name: Zhang, Denbin.
- Relator term: author.
670 ## - SOURCE DATA FOUND
- Source citation: Work cat.: (OSt): Sha, Deshang. author. 54251, ZVS-interleaved synchronous buck DC-DC converter with a coupled inductor by varying switching frequency and deadtime /, July 2022.
